Statistics for Little house in the Big Woods character tile select

Click here to take the quiz!

General Stats

  • This quiz has been taken 10 times
  • The average score is 63 of 80

Answer Stats

QuestionTileSelect% Correct
What does Laura's mother's real name?BellaNo
100%
What does Laura's mother's real name?CarolineYes
100%
What does Laura's mother's real name?DaisyNo
100%
What does Laura's mother's real name?EllenNo
100%
What does Laura's mother's real name?JaneNo
100%
What does Laura's mother's real name?KamilaNo
100%
What does Laura's mother's real name?LaurenNo
100%
What does Laura's mother's real name?LizzieNo
100%
What does Laura's mother's real name?MariaNo
100%
What does Laura's mother's real name?MollyNo
100%
What does Laura's mother's real name?NancyNo
100%
What does Laura's mother's real name?RoseNo
100%
What does Laura's mother's real name?StellaNo
100%
What does Laura's mother's real name?SusanNo
100%
What does Laura's mother's real name?TittyNo
100%
What does Laura's mother's real name?CarolinaNo
89%
What is 'Carrie's' real name?AnneNo
78%
Which Aunt comes for Christmas?Aunt AliceNo
78%
Which Aunt comes for Christmas?Aunt AnneNo
78%
Which Aunt comes for Christmas?Aunt Eliza JaneNo
78%
Which Aunt comes for Christmas?Aunt EmilyNo
78%
Which Aunt comes for Christmas?Aunt LauraNo
78%
Which Aunt comes for Christmas?Aunt NancyNo
78%
Which Aunt comes for Christmas?Aunt OliviaNo
78%
Which Aunt comes for Christmas?Aunt PeggyNo
78%
Which Aunt comes for Christmas?Aunt RubyNo
78%
Which Aunt comes for Christmas?Aunt SophiaNo
78%
Which Aunt comes for Christmas?Aunt SophieNo
78%
Which Aunt comes for Christmas?Aunt TittyNo
78%
What breed of dog is Jack?BeagleNo
78%
What is 'Carrie's' real name?BellaNo
78%
What breed of dog is Jack?BloodhoundNo
78%
What breed of dog is Jack?Border CollieNo
78%
What is 'Carrie's' real name?CarolineYes
78%
What breed of dog is Jack?Chow ChowNo
78%
What breed of dog is Jack?CollieNo
78%
What breed of dog is Jack?CorgiNo
78%
What breed of dog is Jack?DachshundNo
78%
What breed of dog is Jack?DalmatianNo
78%
What is 'Carrie's' real name?DasiyNo
78%
What is 'Carrie's' real name?FaithNo
78%
What breed of dog is Jack?German shepherdNo
78%
What breed of dog is Jack?GreyhoundNo
78%
What breed of dog is Jack?Jack RussellNo
78%
What is 'Carrie's' real name?KamilaNo
78%
What is 'Carrie's' real name?LizzieNo
78%
What is 'Carrie's' real name?MariaNo
78%
What is 'Carrie's' real name?MirandaNo
78%
What is 'Carrie's' real name?MollyNo
78%
What is 'Carrie's' real name?NancyNo
78%
What is 'Carrie's' real name?PeggyNo
78%
What is 'Carrie's' real name?RillaNo
78%
What is 'Carrie's' real name?RoseNo
78%
What breed of dog is Jack?Shi TzuNo
78%
What is 'Carrie's' real name?StellaNo
78%
What is 'Carrie's' real name?SusanNo
78%
Which Uncle comes for Christmas?Uncle AlmanzoNo
78%
Which Uncle comes for Christmas?Uncle CarlNo
78%
Which Uncle comes for Christmas?Uncle ChrisNo
78%
Which Uncle comes for Christmas?Uncle ConstiNo
78%
Which Uncle comes for Christmas?Uncle HenningNo
78%
Which Uncle comes for Christmas?Uncle JohnNo
78%
Which Uncle comes for Christmas?Uncle JonasNo
78%
Which Uncle comes for Christmas?Uncle MartinNo
78%
Which Uncle comes for Christmas?Uncle RogerNo
78%
Which Uncle comes for Christmas?Uncle SimbaNo
78%
Which Uncle comes for Christmas?Uncle TomNo
78%
Which Uncle comes for Christmas?Uncle WalterNo
78%
What breed of dog is Jack?WhippetNo
78%
What breed of dog is Jack?WolfhoundNo
78%
Which Aunt comes for Christmas?Aunt LucyNo
67%
Which Aunt comes for Christmas?Aunt SusanNo
67%
What breed of dog is Jack?Belgian shepherdNo
67%
What breed of dog is Jack?BulldogYes
67%
Which Uncle comes for Christmas?Uncle AlexNo
67%
Which Aunt comes for Christmas?Aunt DociaNo
56%
Which Uncle comes for Christmas?Uncle GeorgeNo
56%
Which Uncle comes for Christmas?Uncle JamesNo
56%
Which Aunt comes for Christmas?Aunt ElizaYes
33%
Which Uncle comes for Christmas?Uncle PeterYes
22%

Score Distribution

Percentile by Number Answered

Percent of People with Each Score

Your Score History

You have not taken this quiz